[Event "BL 8889 Bielefeld-Delmenhorst"]
[Site "?"]
[Date "1989.??.??"]
[Round "?.6"]
[White "Gruen, G."]
[Black "Schlemermeyer, W."]
[Result "1/2-1/2"]
[WhiteElo "2380"]
[BlackElo "2265"]
[PlyCount "70"]
[EventDate "1989.??.??"]

1. d4 Nf6 2. Nf3 g6 3. c4 Bg7 4. g3 O-O 5. Bg2 d6 6. Nc3 Nbd7 7. O-O e5 8. e4
c6 9. b3 a5 10. Rb1 Re8 11. h3 exd4 12. Nxd4 a4 13. Re1 axb3 14. axb3 Nc5 15.
b4 Ne6 16. Nde2 h6 17. Kh2 Ng5 18. Qd3 Ngxe4 19. Nxe4 Nxe4 20. Bxe4 Rxe4 21.
Qxe4 Bf5 22. Qf3 Bxb1 23. Bxh6 Bxh6 24. Rxb1 Bg7 25. Kg2 Qe7 26. b5 Re8 27.
bxc6 bxc6 28. Nf4 Qe4 29. Rb6 Qxf3+ 30. Kxf3 Rc8 31. Nd3 Bd4 32. Ra6 Bc3 33.
Ra3 Bd4 34. Ke4 Bg7 35. Ra6 Bf8 1/2-1/2

[Event "BL 8889 HSK-Bielefeld"]
[Site "?"]
[Date "1989.??.??"]
[Round "?.2"]
[White "Wahls, M."]
[Black "Popovic, P."]
[Result "1/2-1/2"]
[WhiteElo "2460"]
[BlackElo "2530"]
[PlyCount "39"]
[EventDate "1989.??.??"]

1. e4 e6 2. d4 d5 3. Nd2 c5 4. exd5 Qxd5 5. Ngf3 cxd4 6. Bc4 Qc5 7. O-O Nc6 8.
Qe2 Qb6 9. Nb3 Nge7 10. Rd1 Nf5 11. Bb5 a6 12. Ba4 Be7 13. Nbxd4 Nfxd4 14. Nxd4
Bd7 15. c3 O-O 16. Nf3 Rfd8 17. Bg5 Bxg5 18. Nxg5 h6 19. Ne4 Be8 20. Qc2
1/2-1/2

[Event "BL 8889 HSK-Bielefeld"]
[Site "?"]
[Date "1989.??.??"]
[Round "?.3"]
[White "Marjanovic, S."]
[Black "Stein, B."]
[Result "1-0"]
[WhiteElo "2485"]
[BlackElo "2380"]
[PlyCount "81"]
[EventDate "1989.??.??"]

1. e4 e5 2. Nf3 Nc6 3. Bb5 a6 4. Ba4 b5 5. Bb3 Na5 6. O-O d6 7. d4 Nxb3 8. axb3
exd4 9. Nxd4 Bb7 10. Re1 g6 11. c4 b4 12. Bf4 Bg7 13. Qd2 Ne7 14. Bh6 Bxh6 15.
Qxh6 c5 16. Nf3 Qd7 17. Nbd2 O-O-O 18. Nf1 f6 19. Ne3 Bxe4 20. Rxa6 Bb7 21. Ra7
Kb8 22. Rea1 Qe6 23. h4 Rhg8 24. R7a5 Rd7 25. Qf4 Rc8 26. Re1 h5 27. Rb5 Rc6
28. Nf1 Qf5 29. Qd2 d5 30. Ne3 Qf4 31. Nxd5 Qxd2 32. Nxd2 Nxd5 33. cxd5 Rxd5
34. Nc4 Rd3 35. Na5 Rc7 36. Re6 Kc8 37. Rxf6 Be4 38. Nc4 Kd8 39. Rf8+ Ke7 40.
Rbb8 Bc6 41. Ne5 1-0

[Event "BL 8889 HSK-Bielefeld"]
[Site "?"]
[Date "1989.??.??"]
[Round "?.4"]
[White "Maus, So"]
[Black "Pieper Emden, C."]
[Result "0-1"]
[WhiteElo "2400"]
[BlackElo "2345"]
[PlyCount "73"]
[EventDate "1989.??.??"]

1. e4 e5 2. Nf3 Nc6 3. Bb5 a6 4. Ba4 Nf6 5. O-O Nxe4 6. d4 b5 7. Bb3 d5 8. dxe5
Be6 9. Nbd2 Nc5 10. c3 Be7 11. Bc2 d4 12. Nb3 d3 13. Bb1 Nxb3 14. axb3 Bf5 15.
Be3 O-O 16. Bd4 Qd5 17. Bxd3 Bxd3 18. Qxd3 Qxb3 19. Qe4 Nxd4 20. Nxd4 Qxb2 21.
Nf5 Rae8 22. Rxa6 Qxc3 23. Rc6 Bc5 24. Qg4 g6 25. Nh6+ Kg7 26. Nf5+ Kh8 27. Qg5
Bxf2+ 28. Rxf2 Qxc6 29. Qh6 Rg8 30. Nd4 Qd7 31. Nf3 b4 32. h4 b3 33. Ng5 Rg7
34. Rd2 Qe7 35. e6 b2 36. exf7 b1=Q+ 37. Kh2 0-1

[Event "BL 8889 HSK-Bielefeld"]
[Site "?"]
[Date "1989.??.??"]
[Round "?.6"]
[White "Wegner, H."]
[Black "Gruen, G."]
[Result "0-1"]
[WhiteElo "2290"]
[BlackElo "2380"]
[PlyCount "110"]
[EventDate "1989.??.??"]

1. d4 Nf6 2. c4 e6 3. Nf3 Bb4+ 4. Nbd2 O-O 5. a3 Be7 6. e4 d5 7. Qc2 c5 8. dxc5
dxe4 9. Nxe4 Nxe4 10. Qxe4 Nc6 11. Be2 f5 12. Qe3 Qc7 13. Bd2 e5 14. Bc3 Bf6
15. Rd1 Be6 16. O-O Rae8 17. b4 Kh8 18. Qd2 e4 19. Nd4 Nxd4 20. Bxd4 Rd8 21.
Qe3 Rxd4 22. Rxd4 Bxd4 23. Qxd4 Rd8 24. Qc3 Qd7 25. Qe5 Bg8 26. h4 Qe6 27. Qc3
Qh6 28. h5 Rd2 29. Re1 Qg5 30. b5 h6 31. c6 bxc6 32. bxc6 Rd8 33. Qe5 Qf6 34.
Qxf6 gxf6 35. Rd1 Rxd1+ 36. Bxd1 Bxc4 37. c7 Ba6 38. Bb3 Bc8 39. Kf1 Kg7 40. f3
Kf8 41. fxe4 fxe4 42. Bd5 f5 43. Ke2 Ke7 44. g4 Kd6 45. Ba8 fxg4 46. Bxe4 Kxc7
47. Ke3 Kd6 48. Kf4 a5 49. Bd3 Kc5 50. Be2 Kd4 51. Bb5 Kc3 52. a4 Kb4 53. Kg3
Be6 54. Kf4 Bb3 55. Kxg4 Bxa4 0-1

[Event "BL 8889 Delmenhorst-Solingen"]
[Site "?"]
[Date "1989.??.??"]
[Round "?.3"]
[White "Lobron, E."]
[Black "Borik, O."]
[Result "1-0"]
[WhiteElo "2530"]
[BlackElo "2350"]
[PlyCount "88"]
[EventDate "1989.??.??"]

1. Nf3 c5 2. c4 g6 3. Nc3 Bg7 4. g3 Nf6 5. Bg2 O-O 6. d4 cxd4 7. Nxd4 Nc6 8.
O-O d6 9. Nxc6 bxc6 10. Bxc6 Rb8 11. Bg2 Be6 12. b3 d5 13. Bf4 dxc4 14. Bxb8
Qxb8 15. bxc4 Bxc4 16. Qa4 Be6 17. Qa5 Nd7 18. Rab1 Qe5 19. Qxe5 Bxe5 20. Nd5
Bd6 21. Rb7 Rc8 22. Rxa7 Rc2 23. e3 Rd2 24. a4 Nc5 25. Nxe7+ Bxe7 26. Rxe7 Nxa4
27. Rc7 Nb2 28. h4 Kg7 29. Be4 Nc4 30. Rc1 Nd6 31. Bf3 Ne8 32. R7c2 Rd7 33. g4
h6 34. Rc5 Ra7 35. Kg2 Ra3 36. Rd1 Nf6 37. Rd4 Ra7 38. Kg3 Ra1 39. g5 hxg5 40.
hxg5 Nd7 41. Rb5 Nf8 42. Rd8 Nh7 43. Bg2 Ra4 44. f4 Ra7 1-0

[Event "BL 8889 Delmenhorst-Solingen"]
[Site "?"]
[Date "1989.??.??"]
[Round "?.4"]
[White "Wesseln, K."]
[Black "Lau, R."]
[Result "1-0"]
[WhiteElo "2350"]
[BlackElo "2495"]
[PlyCount "59"]
[EventDate "1989.??.??"]

1. Nf3 g6 2. d4 Bg7 3. e3 f5 4. Be2 Nf6 5. O-O O-O 6. c4 d6 7. Nc3 Kh8 8. b4 c6
9. b5 Be6 10. a4 Nbd7 11. a5 c5 12. Na4 Ne4 13. Nd2 cxd4 14. Nxe4 d3 15. Ng5
dxe2 16. Qxe2 Bxa1 17. Nxe6 Qxa5 18. Qa2 Bc3 19. Nxf8 Rxf8 20. Nxc3 Qxa2 21.
Nxa2 Rc8 22. Bb2+ Kg8 23. Rc1 Nb6 24. Bd4 Nxc4 25. Bxa7 d5 26. Nb4 e6 27. Bd4
Re8 28. f4 Ra8 29. Nd3 Nd6 30. b6 1-0

[Event "BL 8889 Delmenhorst-Solingen"]
[Site "?"]
[Date "1989.??.??"]
[Round "?.5"]
[White "Schulte, O."]
[Black "Schlemermeyer, W."]
[Result "1/2-1/2"]
[WhiteElo "2430"]
[BlackElo "2265"]
[PlyCount "81"]
[EventDate "1989.??.??"]

1. d4 Nf6 2. c4 g6 3. Nc3 d5 4. Nf3 Bg7 5. cxd5 Nxd5 6. e4 Nxc3 7. bxc3 c5 8.
Rb1 O-O 9. Be2 b6 10. O-O Bb7 11. Qd3 Ba6 12. Qe3 cxd4 13. cxd4 Qd7 14. h4 e6
15. h5 Rc8 16. Bxa6 Nxa6 17. h6 Bh8 18. Bb2 Rc4 19. d5 Bxb2 20. Rxb2 Qd6 21.
Rd1 e5 22. Qd3 Rac8 23. Nd2 Ra4 24. Qb5 Nc5 25. Rc2 Rd4 26. Re1 Qf8 27. g3 Rd8
28. Nf3 Rxe4 29. Rxe4 Nxe4 30. Nxe5 Qxh6 31. Nc6 Nd6 32. Qb4 Re8 33. Kg2 Qf8
34. Nxa7 Qe7 35. Nc6 Qc7 36. Nd4 Qd8 37. Nc6 Qc7 38. Nd4 Qd8 39. Rc6 Nf5 40.
Qc4 Ne7 41. Rf6 1/2-1/2

[Event "BL 8889 Delmenhorst-Solingen"]
[Site "?"]
[Date "1989.??.??"]
[Round "?.7"]
[White "Schneider, B1."]
[Black "Juhnke, K."]
[Result "1-0"]
[WhiteElo "2365"]
[BlackElo "2320"]
[PlyCount "73"]
[EventDate "1989.??.??"]

1. c4 g6 2. Nc3 Bg7 3. g3 c5 4. Bg2 Nc6 5. Nf3 e6 6. O-O Nge7 7. d3 O-O 8. Bf4
d5 9. Qc1 b6 10. cxd5 Nxd5 11. Nxd5 exd5 12. Bh6 Bb7 13. Bxg7 Kxg7 14. a3 Qd6
15. Rb1 a5 16. e3 Rac8 17. b3 Qf6 18. Rd1 Rfd8 19. Rb2 d4 20. e4 Na7 21. Nh4
Ba6 22. f4 Nb5 23. Re1 Kh8 24. e5 Qe7 25. f5 Nc3 26. e6 Bxd3 27. f6 Qxf6 28.
Rf2 Bf5 29. exf7 d3 30. Kh1 Ne2 31. Qh6 Qg7 32. Nxf5 gxf5 33. Qe6 f4 34. gxf4
Rc7 35. Bd5 Rcd7 36. Rg2 d2 37. Qe8+ 1-0

[Event "BL 8889 Delmenhorst-Solingen"]
[Site "?"]
[Date "1989.??.??"]
[Round "?.8"]
[White "Ditt, E."]
[Black "Dueball, J."]
[Result "1/2-1/2"]
[WhiteElo "2305"]
[BlackElo "2445"]
[PlyCount "46"]
[EventDate "1989.??.??"]

1. c4 g6 2. Nc3 Bg7 3. g3 Nf6 4. Bg2 O-O 5. Nf3 Nc6 6. O-O e5 7. Rb1 d5 8. cxd5
Nxd5 9. d3 Re8 10. Bg5 f6 11. Bd2 Be6 12. Ne4 b6 13. Rc1 Qd7 14. a3 Nd4 15.
Nxd4 exd4 16. e3 c5 17. exd4 cxd4 18. Re1 Rad8 19. Rc2 h6 20. Bc1 f5 21. Nd2
Bf7 22. Nc4 Rxe1+ 23. Qxe1 Re8 1/2-1/2

[Event "BL 8889 Bochum-Sindelfingen"]
[Site "?"]
[Date "1989.??.??"]
[Round "?.1"]
[White "Mohr, S."]
[Black "Graf, J."]
[Result "0-1"]
[WhiteElo "2470"]
[BlackElo "2405"]
[PlyCount "100"]
[EventDate "1989.??.??"]

1. d4 Nf6 2. c4 g6 3. Nc3 Bg7 4. e4 d6 5. Be2 O-O 6. Bg5 h6 7. Be3 e5 8. d5 c6
9. Qd2 h5 10. h3 a6 11. a4 a5 12. Nf3 cxd5 13. cxd5 Na6 14. O-O b6 15. Bb5 Nc5
16. Qc2 Nh7 17. Nd2 f5 18. exf5 Bxf5 19. Nde4 Rc8 20. Bd3 Qd7 21. Bxc5 bxc5 22.
Qe2 Nf6 23. Ng5 Bh6 24. Ne6 Rf7 25. Rad1 Nxd5 26. Nxd5 Bxd3 27. Qxd3 Qxe6 28.
Qc4 Rcf8 29. Nb6 Qe7 30. Qd5 Kh7 31. Nc4 Rf6 32. f3 Rf4 33. Rfe1 Rd4 34. Rxd4
cxd4 35. Qxd4 exd4 36. Rxe7+ Kg8 37. Re6 Rc8 38. b3 d5 39. Ne5 Rc3 40. Kf2 d3
41. Rxg6+ Kh7 42. Rc6 d2 43. Ke2 Re3+ 44. Kxd2 Rxe5+ 45. Kd3 Re3+ 46. Kd4 Rxb3
47. Kxd5 Rb4 48. Rc7+ Bg7 49. Rc4 Rxc4 50. Kxc4 h4 0-1

[Event "BL 8889 Bochum-Sindelfingen"]
[Site "?"]
[Date "1989.??.??"]
[Round "?.2"]
[White "Thesing, M."]
[Black "Fahnenschmidt, G."]
[Result "1/2-1/2"]
[WhiteElo "2345"]
[BlackElo "2380"]
[PlyCount "51"]
[EventDate "1989.??.??"]

1. e4 c5 2. Nc3 e6 3. Nf3 d6 4. d4 cxd4 5. Nxd4 Nf6 6. f4 a6 7. Qf3 Qc7 8. Be3
b5 9. Bd3 Bb7 10. g4 Nc6 11. g5 Nd7 12. O-O-O Be7 13. h4 Nxd4 14. Bxd4 b4 15.
Ne2 e5 16. Be3 exf4 17. Nxf4 Ne5 18. Qe2 O-O 19. Kb1 a5 20. Nd5 Bxd5 21. exd5
Nxd3 22. Qxd3 Rac8 23. Bd4 Qc4 24. Rhe1 Qxd3 25. Rxd3 Bd8 26. b3 1/2-1/2

[Event "BL 8889 Bochum-Sindelfingen"]
[Site "?"]
[Date "1989.??.??"]
[Round "?.3"]
[White "Franke, H."]
[Black "Sonntag, H."]
[Result "1-0"]
[WhiteElo "2360"]
[BlackElo "2380"]
[PlyCount "79"]
[EventDate "1989.??.??"]

1. d4 Nf6 2. Nf3 e6 3. Bg5 c5 4. e3 Be7 5. Nbd2 O-O 6. Bd3 d5 7. c3 Nbd7 8. O-O
b6 9. Ne5 Nxe5 10. dxe5 Nd7 11. Bxe7 Qxe7 12. f4 f5 13. exf6 Nxf6 14. Nf3 Bb7
15. Qe2 Rad8 16. Rad1 g6 17. h3 Bc6 18. Ne5 Qc7 19. h4 Nd7 20. Nxc6 Qxc6 21. h5
gxh5 22. Qxh5 Nf6 23. Qe2 Qc7 24. g4 Rf7 25. g5 Nd7 26. Qg4 Nf8 27. Rd2 Qe7 28.
Rh2 Rg7 29. Kf2 e5 30. Rh5 c4 31. Be2 exf4 32. exf4 Qc5+ 33. Kg3 d4 34. cxd4
Rxd4 35. Rd1 Re7 36. g6 Re3+ 37. Kh2 Qe7 38. gxh7+ Kf7 39. Rf5+ Ke8 40. Qh5+
1-0

[Event "BL 8889 Bochum-Sindelfingen"]
[Site "?"]
[Date "1989.??.??"]
[Round "?.4"]
[White "Vatter, H."]
[Black "Bialas, W."]
[Result "1/2-1/2"]
[WhiteElo "2335"]
[BlackElo "2365"]
[PlyCount "88"]
[EventDate "1989.??.??"]

1. e4 c5 2. Nf3 Nc6 3. d4 cxd4 4. Nxd4 Qb6 5. Nb3 Nf6 6. Nc3 e6 7. Bg5 Be7 8.
Qd2 a6 9. Be2 O-O 10. f4 d6 11. g4 d5 12. e5 Nd7 13. Bxe7 Nxe7 14. g5 f6 15.
exf6 gxf6 16. O-O-O Nf5 17. Nxd5 exd5 18. Qxd5+ Kh8 19. Qxf5 Qe3+ 20. Nd2 Qxe2
21. Rhe1 Qh5 22. Qa5 Qf7 23. Ne4 fxg5 24. fxg5 b6 25. Qc3+ Qg7 26. Qc7 Ne5 27.
Qxb6 Bg4 28. Rd5 Nf3 29. Red1 Rab8 30. Qxb8 Rxb8 31. Rd8+ Qg8 32. Rxg8+ Rxg8
33. Nf6 Rxg5 34. Rd6 Bf5 35. b4 Bg6 36. Rxa6 Rg1+ 37. Kb2 Rg2 38. a4 Rxc2+ 39.
Ka3 Rc3+ 40. Kb2 Rc2+ 41. Ka3 Ne5 42. b5 Nd3 43. Rc6 Rxh2 44. Rc7 Rh3 1/2-1/2

[Event "BL 8889 Bochum-Sindelfingen"]
[Site "?"]
[Date "1989.??.??"]
[Round "?.5"]
[White "Gruenenwald, J."]
[Black "Backwinkel, P."]
[Result "1-0"]
[WhiteElo "2345"]
[BlackElo "2315"]
[PlyCount "101"]
[EventDate "1989.??.??"]

1. e4 c5 2. Nf3 Nc6 3. d4 cxd4 4. Nxd4 e5 5. Nb5 d6 6. c4 Be7 7. Be3 Nf6 8. f3
O-O 9. Be2 Be6 10. O-O Ne8 11. Qd2 h6 12. g3 Bg5 13. f4 exf4 14. gxf4 Bf6 15.
N1c3 a6 16. Nd4 Nxd4 17. Bxd4 Rc8 18. b3 Qa5 19. Rad1 Bxd4+ 20. Qxd4 Nf6 21.
Rf3 Rfd8 22. Rg3 Qc5 23. f5 Qxd4+ 24. Rxd4 Bd7 25. Rxd6 Rc6 26. Rd4 Re8 27.
Rgd3 Rc7 28. Bf3 Bc6 29. Rd8 Rce7 30. Rxe8+ Rxe8 31. Rd4 Nd7 32. b4 Ne5 33. Be2
Rc8 34. c5 Kf8 35. Kf2 f6 36. Ke3 Be8 37. Rd6 a5 38. a3 axb4 39. axb4 Nc6 40.
Nd5 Ra8 41. b5 Ra3+ 42. Kf2 Nd4 43. Nc7 Nxe2 44. Kxe2 Bh5+ 45. Kd2 Bf3 46. Rd3
Ra2+ 47. Ke3 Bh1 48. Ne6+ Ke7 49. c6 bxc6 50. bxc6 Rxh2 51. Rd7+ 1-0

[Event "BL 8889 Bochum-Sindelfingen"]
[Site "?"]
[Date "1989.??.??"]
[Round "?.6"]
[White "Ueter, H."]
[Black "Sieglen, J."]
[Result "1/2-1/2"]
[WhiteElo "2275"]
[BlackElo "2330"]
[PlyCount "122"]
[EventDate "1989.??.??"]

1. e4 e6 2. d4 d5 3. Nd2 Nf6 4. e5 Nfd7 5. c3 c5 6. Bd3 Nc6 7. Ne2 cxd4 8. cxd4
f6 9. exf6 Nxf6 10. O-O Bd6 11. Nf3 O-O 12. Bg5 Qc7 13. Nc3 a6 14. Rc1 Ng4 15.
h3 Nh2 16. Nxh2 Bxh2+ 17. Kh1 Bf4 18. Bxf4 Rxf4 19. Ne2 Rf6 20. f4 Bd7 21. Qc2
g6 22. Qc5 Raf8 23. Kg1 Be8 24. Rf3 h6 25. Rg3 Qg7 26. Kh2 Kh8 27. Re1 Rg8 28.
Qc3 Qc7 29. Kg1 Qb6 30. Rf1 Rgf8 31. Rgf3 Kg7 32. Kh1 Kh8 33. a3 g5 34. fxg5
Rxf3 35. Rxf3 Rxf3 36. gxf3 hxg5 37. Qd2 Qd8 38. Qe3 Qf6 39. Kg2 Bg6 40. Bxg6
Qxg6 41. Qb3 Qg7 42. Qd3 Qf6 43. b4 Kg7 44. Qd2 e5 45. Ng3 Kf7 46. dxe5 Qxe5
47. Qc2 Ne7 48. Qh7+ Ke8 49. Qd3 Kd7 50. b5 Qb2+ 51. Ne2 axb5 52. Kg3 b4 53.
Qb5+ Ke6 54. axb4 Nf5+ 55. Kf2 Qe5 56. Qb6+ Nd6 57. Nd4+ Kf7 58. Qc7+ Kg6 59.
Qc2+ Kf6 60. Qc5 Qh2+ 61. Ke1 Qg1+ 1/2-1/2

[Event "BL 8889 Porz-Kirchheim"]
[Site "?"]
[Date "1989.??.??"]
[Round "?.2"]
[White "Fedorowicz, J."]
[Black "Gschnitzer, O."]
[Result "1/2-1/2"]
[WhiteElo "2520"]
[BlackElo "2365"]
[PlyCount "84"]
[EventDate "1989.??.??"]

1. e4 e5 2. Nf3 Nc6 3. Bb5 a6 4. Ba4 Nf6 5. O-O Be7 6. Re1 b5 7. Bb3 d6 8. c3
O-O 9. h3 Na5 10. Bc2 c5 11. d4 Nd7 12. Nbd2 cxd4 13. cxd4 Nc6 14. d5 Nb4 15.
Bb1 a5 16. Nf1 Nb6 17. Ne3 a4 18. Bd2 Na6 19. b4 axb3 20. axb3 Nc5 21. Rxa8
Nxa8 22. Nf5 Bf6 23. Bb4 Nb6 24. Nh2 g6 25. Nh6+ Kh8 26. N6g4 Bg7 27. Qc2 Nbd7
28. Ne3 Qb6 29. Bd2 Nf6 30. Nef1 Ncxe4 31. Rxe4 Nxe4 32. Qxe4 Bf5 33. Qe1 Bxb1
34. Qxb1 Qd4 35. Nf3 Qxd5 36. Ne3 Qc6 37. Bb4 Rd8 38. Qa1 Kg8 39. Qa7 d5 40.
Ng5 Qd7 41. Qb6 h6 42. Nf3 Rc8 1/2-1/2

[Event "BL 8889 Porz-Kirchheim"]
[Site "?"]
[Date "1989.??.??"]
[Round "?.4"]
[White "Fleck, J."]
[Black "Duester, T."]
[Result "1-0"]
[WhiteElo "2415"]
[BlackElo "2315"]
[PlyCount "75"]
[EventDate "1989.??.??"]

1. e4 c5 2. Nf3 d6 3. d4 cxd4 4. Nxd4 Nf6 5. Nc3 a6 6. Be2 e5 7. Nf3 Be7 8. O-O
O-O 9. Re1 Nbd7 10. a4 b6 11. Bc4 Bb7 12. Nd5 Rc8 13. b3 Nxd5 14. Bxd5 Bxd5 15.
exd5 f5 16. Ra2 g5 17. Ba3 g4 18. Nd2 Nf6 19. Nc4 Ne4 20. Rxe4 fxe4 21. Qxg4+
Kh8 22. Bb2 b5 23. axb5 axb5 24. Ne3 Bg5 25. Qxe4 Ra8 26. Rxa8 Qxa8 27. h4 Bf4
28. Nf1 Qa7 29. Bc3 Bc1 30. Ne3 Qc5 31. Bb4 Qd4 32. Qxd4 exd4 33. Bxd6 Re8 34.
Nf5 Bb2 35. Be7 Bc3 36. d6 Bb4 37. Nxd4 Kg8 38. Nc6 1-0

[Event "BL 8889 Porz-Kirchheim"]
[Site "?"]
[Date "1989.??.??"]
[Round "?.5"]
[White "Vonthron, H."]
[Black "Lutz, C."]
[Result "0-1"]
[WhiteElo "2330"]
[BlackElo "2380"]
[PlyCount "80"]
[EventDate "1989.??.??"]

1. e4 c6 2. d4 d5 3. e5 Bf5 4. c4 e6 5. Nc3 Nd7 6. cxd5 cxd5 7. Nge2 Ne7 8. Ng3
Bg6 9. Be2 Nc6 10. O-O Be7 11. Be3 Ndxe5 12. dxe5 d4 13. Bd2 dxc3 14. Bxc3 O-O
15. Qb3 Qc7 16. f4 Rad8 17. Bf3 Rd7 18. Rac1 Bd3 19. Bxc6 Qxc6 20. Rf3 Rfd8 21.
f5 exf5 22. Re1 Qe6 23. Qa4 b5 24. Qa5 g6 25. a3 Bc5+ 26. Kh1 Bb6 27. Qb4 Bc4
28. Nxf5 gxf5 29. b3 a5 30. Rg3+ Kh8 31. Qd6 Bf2 32. bxc4 Bxe1 33. Qxe6 fxe6
34. Bxe1 Rd1 35. Re3 bxc4 36. h3 c3 37. Kh2 c2 38. Bh4 c1=Q 39. Bf6+ Kg8 40.
Rg3+ Kf8 0-1

[Event "BL 8889 Porz-Kirchheim"]
[Site "?"]
[Date "1989.??.??"]
[Round "?.6"]
[White "Ostermeyer, P."]
[Black "Mudelsee, M."]
[Result "1-0"]
[WhiteElo "2450"]
[BlackElo "2385"]
[PlyCount "107"]
[EventDate "1989.??.??"]

1. e4 c5 2. Nf3 d6 3. c3 Nf6 4. Be2 Nc6 5. d3 g6 6. O-O Bg7 7. d4 cxd4 8. cxd4
d5 9. e5 Ne4 10. Nc3 O-O 11. Bd3 Bg4 12. Be3 Nxc3 13. bxc3 Rc8 14. h3 Bxf3 15.
Qxf3 Na5 16. Rac1 e6 17. Qg4 Qe7 18. Rc2 Rc7 19. Bg5 Qa3 20. Bc1 Qe7 21. Bg5
Qa3 22. Rb1 Rfc8 23. Bd2 a6 24. h4 b5 25. h5 Nc4 26. Bg5 Qf8 27. Re2 Na3 28.
Rf1 Rxc3 29. Re3 Nc2 30. Rh3 Nb4 31. h6 Bh8 32. Bb1 Rxh3 33. Qxh3 Rc4 34. Rd1
Nc2 35. Bxc2 Rxc2 36. a3 Qc8 37. Qh4 Rc4 38. Qf4 Qc7 39. Bf6 Bxf6 40. Qxf6 Kf8
41. Rd3 Ke8 42. Qh8+ Ke7 43. Rf3 Rc1+ 44. Kh2 Rh1+ 45. Kg3 f5 46. Qxh7+ Kd8 47.
Qg8+ Kd7 48. Qf7+ Kc8 49. Qxe6+ Kb7 50. Qxg6 Qd8 51. Qf6 Qxf6 52. exf6 Rxh6 53.
Rxf5 Rh8 54. Kf4 1-0

[Event "BL 8889 Porz-Kirchheim"]
[Site "?"]
[Date "1989.??.??"]
[Round "?.7"]
[White "Messmer, M."]
[Black "Schulz, KJ."]
[Result "0-1"]
[WhiteElo "2260"]
[BlackElo "2360"]
[PlyCount "70"]
[EventDate "1989.??.??"]

1. c4 c5 2. g3 Nf6 3. Bg2 d5 4. cxd5 Nxd5 5. b3 e5 6. Bb2 Nc6 7. Nf3 f6 8. Nc3
Nc7 9. O-O Bg4 10. d3 Qd7 11. Rc1 Rc8 12. Ne4 Ne6 13. a3 Be7 14. Nfd2 O-O 15.
Nc4 Ned4 16. f3 Be6 17. e3 Nf5 18. Qe2 b5 19. Ncd2 Na5 20. Bh3 Kh8 21. Nf2 Nxg3
22. hxg3 Bxh3 23. Rfe1 Be6 24. Qd1 Rfd8 25. Bc3 Nc6 26. Rb1 Bf8 27. Kg2 Qf7 28.
Rh1 Bf5 29. Qe2 c4 30. bxc4 bxc4 31. e4 cxd3 32. Nxd3 Be6 33. Nb4 Nxb4 34. Bxb4
Bxb4 35. Rxb4 Rc2 0-1

[Event "BL 8889 Sindelfingen-Porz"]
[Site "?"]
[Date "1989.??.??"]
[Round "?.1"]
[White "Hort, V."]
[Black "Mohr, S."]
[Result "1-0"]
[WhiteElo "2595"]
[BlackElo "2470"]
[PlyCount "91"]
[EventDate "1989.??.??"]

1. c4 d6 2. g3 e5 3. Bg2 g6 4. Nc3 Bg7 5. e4 Ne7 6. d3 Nbc6 7. Nge2 O-O 8. O-O
Be6 9. Nd5 f5 10. Be3 Qd7 11. Qd2 Rae8 12. Rae1 Nc8 13. b3 Kh8 14. exf5 gxf5
15. d4 f4 16. gxf4 exd4 17. Nxd4 Nxd4 18. Bxd4 Bxd5 19. cxd5 Bxd4 20. Qxd4+ Qg7
21. Qxg7+ Kxg7 22. Re3 Nb6 23. Rc1 Na8 24. Rce1 Rd8 25. Rg3+ Kf7 26. Bf3 Rg8
27. Re6 Rg7 28. f5 Nb6 29. f6 Rg6 30. a4 a5 31. h4 Rd7 32. Rg5 Rd8 33. Kh2 Rdg8
34. Rf5 Re8 35. Bh5 Nd7 36. Rxe8 Kxe8 37. Bxg6+ hxg6 38. Rf4 Kf7 39. Kg3 Nb6
40. Rd4 Kxf6 41. Kf4 Nd7 42. Rc4 Nc5 43. Rc3 c6 44. Rxc5 dxc5 45. dxc6 bxc6 46.
f3 1-0

[Event "BL 8889 Sindelfingen-Porz"]
[Site "?"]
[Date "1989.??.??"]
[Round "?.3"]
[White "Fedorowicz, J."]
[Black "Franke, H."]
[Result "1-0"]
[WhiteElo "2520"]
[BlackElo "2360"]
[PlyCount "53"]
[EventDate "1989.??.??"]

1. d4 d5 2. c4 c6 3. Nf3 Nf6 4. Nc3 dxc4 5. e4 b5 6. e5 Nd5 7. a4 e6 8. axb5
Bb4 9. Bd2 Bxc3 10. bxc3 cxb5 11. Ng5 h6 12. Ne4 O-O 13. Qh5 f5 14. Nd6 Qd7 15.
g4 f4 16. g5 hxg5 17. Bg2 Nc6 18. Be4 Rf5 19. Rg1 b4 20. Nxf5 exf5 21. Bxd5+
Qxd5 22. Qe8+ Kh7 23. Rxg5 Qh1+ 24. Ke2 Qe4+ 25. Kf1 Qh1+ 26. Rg1 Qd5 27. Qg6+
1-0

[Event "BL 8889 Sindelfingen-Porz"]
[Site "?"]
[Date "1989.??.??"]
[Round "?.4"]
[White "Bialas, W."]
[Black "Schoen, W."]
[Result "1/2-1/2"]
[WhiteElo "2365"]
[BlackElo "2430"]
[PlyCount "89"]
[EventDate "1989.??.??"]

1. Nf3 g6 2. d4 Bg7 3. g3 Nf6 4. Bg2 O-O 5. O-O d6 6. c4 Nc6 7. Nc3 a6 8. h3
Rb8 9. Be3 Bd7 10. Rc1 h6 11. Qd2 Kh7 12. b3 e5 13. dxe5 dxe5 14. Nd5 Be6 15.
Rfd1 Nd7 16. b4 Ne7 17. Nxe7 Qxe7 18. c5 Rfd8 19. Qc2 Nf6 20. Rxd8 Rxd8 21.
Nxe5 Bd5 22. Nc4 Qe6 23. a4 Bxg2 24. Kxg2 Nd5 25. Qb3 Re8 26. Kh2 Nxe3 27. Qxe3
Qd7 28. Qf3 Qxa4 29. Qxb7 Rxe2 30. Qf3 Qa2 31. Kg2 Re7 32. Ne3 Bd4 33. Rc2 Qb3
34. Nd5 Qxc2 35. Nxe7 Kg7 36. Nd5 c6 37. Nf4 Qd2 38. Nd3 h5 39. Qe4 Qc3 40. Nf4
Qd2 41. Nd3 Qc3 42. g4 hxg4 43. hxg4 Bf6 44. Kf3 Qd2 45. Kg2 1/2-1/2

[Event "BL 8889 Sindelfingen-Porz"]
[Site "?"]
[Date "1989.??.??"]
[Round "?.5"]
[White "Fleck, J."]
[Black "Gruenenwald, J."]
[Result "0-1"]
[WhiteElo "2415"]
[BlackElo "2345"]
[PlyCount "96"]
[EventDate "1989.??.??"]

1. e4 c5 2. Nf3 d6 3. d4 cxd4 4. Nxd4 Nf6 5. Nc3 a6 6. Be2 e5 7. Nf3 h6 8. O-O
Be6 9. Re1 Be7 10. Bf1 O-O 11. h3 Nbd7 12. Nd5 Bxd5 13. exd5 Nh7 14. c4 a5 15.
b3 Ng5 16. a3 Nxf3+ 17. Qxf3 f5 18. Bb2 e4 19. Qd1 Bf6 20. Qc2 Bxb2 21. Qxb2
Qg5 22. Qd4 b6 23. b4 Rae8 24. Rab1 Re7 25. Rb3 Rfe8 26. Rg3 Qf6 27. Qxf6 Nxf6
28. bxa5 bxa5 29. Rb3 Nd7 30. g3 Kf7 31. Kg2 Kf6 32. Be2 g5 33. Rb5 Ra8 34. Bd1
Nc5 35. Bc2 Ke5 36. g4 f4 37. Bxe4 Nxe4 38. f3 Kd4 39. fxe4 Rxe4 40. Rxe4+ Kxe4
41. Rb6 Ke5 42. c5 Rd8 43. Kf3 dxc5 44. Rxh6 Rxd5 45. Rg6 Kd4 46. h4 gxh4 47.
Kxf4 c4 48. g5 c3 0-1

[Event "BL 8889 Sindelfingen-Porz"]
[Site "?"]
[Date "1989.??.??"]
[Round "?.6"]
[White "Sieglen, J."]
[Black "Lutz, C."]
[Result "1-0"]
[WhiteElo "2330"]
[BlackElo "2380"]
[PlyCount "137"]
[EventDate "1989.??.??"]

1. d4 d5 2. c4 c6 3. Nf3 Nf6 4. Nc3 dxc4 5. a4 Bf5 6. Ne5 e6 7. f3 Bb4 8. Bg5
c5 9. dxc5 Qa5 10. Qd4 Bxc5 11. Qxc4 O-O 12. e4 Bg6 13. Nd3 Be7 14. Qb5 Nc6 15.
Qxa5 Nxa5 16. Be2 Nb3 17. Rd1 Nd4 18. Nb5 h6 19. Bf4 Nc2+ 20. Kd2 Nb4 21. Bd6
Bxd6 22. Nxd6 Nxd3 23. Kxd3 Nd5 24. Kd2 Nb6 25. a5 Rfd8 26. Kc1 Nd5 27. Nxb7
Rd7 28. a6 Rc7+ 29. Kd2 Nb4 30. Rc1 Rd7+ 31. Ke3 f5 32. Bc4 Bf7 33. Nc5 Rc7 34.
Nd3 Nxd3 35. Bxd3 Rd7 36. exf5 exf5 37. Bxf5 Re8+ 38. Be4 Rd6 39. Rc7 Rxa6 40.
Rd1 Be6 41. g4 Rb6 42. Rd2 a5 43. Ra7 Rb4 44. Kf4 a4 45. h4 Kf8 46. h5 Reb8 47.
Rc2 Rxb2 48. Rcc7 a3 49. Rxa3 Ra2 50. Rac3 Ra6 51. R3c5 Bf7 52. Rf5 Rf6 53.
Rxf6 gxf6 54. Bg6 Be6 55. Rh7 Bg8 56. Ra7 Be6 57. Rc7 Rb4+ 58. Be4 Bf7 59. Kf5
Rb6 60. Bc6 Ra6 61. Bb5 Rd6 62. Bc4 Be8 63. Be6 Rd3 64. f4 Rd4 65. Kxf6 Rxf4+
66. Bf5 Ra4 67. Rh7 Kg8 68. Rxh6 Ra6+ 69. Kg5 1-0

[Event "BL 8889 Sindelfingen-Porz"]
[Site "?"]
[Date "1989.??.??"]
[Round "?.7"]
[White "Ostermeyer, P."]
[Black "Werner, Marc"]
[Result "1/2-1/2"]
[WhiteElo "2450"]
[BlackElo "2315"]
[PlyCount "74"]
[EventDate "1989.??.??"]

1. e4 c5 2. Nf3 e6 3. b3 a6 4. Bb2 Nc6 5. g3 Nf6 6. e5 Nd5 7. Bg2 Qc7 8. O-O b6
9. c4 Nde7 10. Nc3 Bb7 11. Re1 Nf5 12. Ne4 O-O-O 13. g4 Nfd4 14. Nxd4 cxd4 15.
f4 d6 16. exd6 Bxd6 17. Nxd6+ Qxd6 18. Qf3 Rd7 19. Qg3 h5 20. f5 Qxg3 21. hxg3
exf5 22. gxf5 Nb4 23. Bxb7+ Kxb7 24. Re4 Rhd8 25. Kg2 Nd3 26. Ba3 b5 27. Rf1 f6
28. Re6 Rc8 29. Bd6 Rc6 30. Rf3 Rdxd6 31. Rxd3 bxc4 32. bxc4 Kb6 33. Re7 Rxc4
34. Rxg7 Ra4 35. a3 Ra5 36. g4 hxg4 37. Rxg4 Rxf5 1/2-1/2